| 000 | 00615nam a22002057a 4500 | ||
|---|---|---|---|
| 003 | OSt | ||
| 005 | 20260224041211.0 | ||
| 008 | 260224b |||||||| |||| 00| 0 eng d | ||
| 020 | _a981-265-637-5. | ||
| 040 |
_aDWC-Main lib _cOC |
||
| 082 |
_22nd edition _aCirc. 910.45 D439s 2006 |
||
| 100 | _aDervaes, Claudine | ||
| 245 |
_aSelling cruises _cClaudine Dervaes |
||
| 260 |
_aSingapore : _bThomson Learning Asia, _cc2006. |
||
| 300 |
_avi, 152 pages : _billustration ; _c25 cm. |
||
| 504 | _aIncludes index. | ||
| 650 | _a1. Cruise ships. | ||
| 650 | _a2. Ocean travel. | ||
| 942 |
_2ddc _cBK-CIRC _e2nd ed. _kCirc. _n0 |
||
| 999 |
_c8513 _d8513 |
||